00330 a2200121 450000100060000010000050000624500160001126000300002709000170005794200310007499900190010595200840012457581 a aZibah azeem aLahorebMinhaj ul Quranc c35316d35316 aNUST-CAEcMONOGRAPHc28132 c292654d292654 001040708NFICaCAEbCAEd2017-04-03l0pCAE80266r2017-04-05w2017-04-05yBK